| 000 | 00517nam a2200169 i 4500 | ||
|---|---|---|---|
| 001 | 57957 | ||
| 003 | ES-MaACL | ||
| 005 | 20230906163705.0 | ||
| 007 | t| | ||
| 008 | 031020s1968 sp ||||1| spa d | ||
| 100 | 1 |
_aDuckworth, R. B. _945837 |
|
| 245 | 1 | 0 |
_aFrutas y verduras / _cR.B. Duckworth ; traducido por Pedro Ducar Maluenda. |
| 260 |
_aZaragoza : _bAcribia, _c[1968] |
||
| 300 |
_aXXII, 304 p., 16 lám. : _bil. ; _c22 cm. |
||
| 700 | 1 |
_aDucar Maluenda, Pedro. _945803 |
|
| 852 |
_aES-MaACL _jC-50476 _bR.65828 |
||
| 999 |
_c57957 _d57957 |
||